Bài tập xác suất và thống kê toán Có lời giải, hướng dẫn và đáp số

Đã lưu trong:
書目詳細資料
主要作者: Hoàng Ngọc Nhậm
格式: 圖書
語言:Undetermined
出版: Tp. HCM Trường Đại học Kinh tế 1993
主題:
標簽: 添加標簽
沒有標簽, 成為第一個標記此記錄!
Thư viện lưu trữ: Trung tâm Học liệu Trường Đại học Cần Thơ
LEADER 00655nam a2200181Ia 4500
001 CTU_1458
008 210402s9999 xx 000 0 und d
082 |a 519.2076 
082 |b Nh120 
100 |a Hoàng Ngọc Nhậm 
245 0 |a Bài tập xác suất và thống kê toán 
245 0 |b Có lời giải, hướng dẫn và đáp số 
245 0 |c Hoàng Ngọc Nhậm 
260 |a Tp. HCM 
260 |b Trường Đại học Kinh tế 
260 |c 1993 
650 |a mathematical statistics - problems, exercises,probabilities - problems, exercises 
980 |a Trung tâm Học liệu Trường Đại học Cần Thơ